00341 a2200121 450000500170000002000180001708200150003510000170005024500410006726000450010830000440015370000220019720250628081828.0 a0-273-68598-8 a658.15 VAN aVAN HORNE, J aFundamentals of Financial Management aLondonbPearson Education Limitedc2005. axxiv, 712p.: ill.; figuresbIndexc26cm aJohn M. Wachowicz